Communes Limitrophes d'Angers - Statistiques

Statistiques générales
  • Ce quiz a été pris 301 fois
  • Le résultat moyen est 6 sur 9
Statistiques - réponses
Communes % Correct
Nord-Ouest Avrillé
91%
Ouest Beaucouzé
85%
Est Trélazé
84%
Est Saint-Barthélemy-d'Anjou
74%
Sud-Ouest Bouchemaine
71%
Sud-Est Les-Ponts-de-Cé
68%
Nord-Est Écouflant
49%
Sud Sainte-Gemmes-sur-Loire
45%
Nord Cantenay-Épinard
30%
Aucun quiz correspondant
Distribution des résultats
% des personnes avec chaque résultat
Percentile par nombre de réponses
Votre historique - résultats
Vous n’avez pas pris ce quiz